[Event "SVK-ch"]
[Site "Kaskady"]
[Date "2002.07.03"]
[Round "7"]
[White "Ftacnik, Lubomir"]
[Black "Sutovsky, Emil"]
[Result "1/2-1/2"]
[WhiteElo "2576"]
[BlackElo "2660"]
[Annotator "Krasenkow,M"]
[PlyCount "54"]
[EventDate "2002.06.27"]
[EventType "tourn"]
[EventRounds "11"]
[EventCountry "SVK"]
[EventCategory "12"]
[SourceTitle "CBM 090"]
[Source "ChessBase"]
[SourceDate "2002.09.20"]
[SourceVersion "1"]
[SourceVersionDate "2002.09.20"]
[SourceQuality "1"]

1. d4 Nf6 2. Nf3 g6 3. c4 Bg7 4. Nc3 d5 5. cxd5 Nxd5 6. e4 Nxc3 7. bxc3 c5 8.
Be3 Qa5 9. Qd2 Nc6 10. Rc1 cxd4 11. cxd4 Qxd2+ 12. Kxd2 O-O 13. d5 Rd8 14. Ke1
Na5 15. Bg5 Bd7 16. Bd3 f5 {A possible attempt to avoid the main line} (16...
Rdc8) 17. Nd2 (17. e5 {is apparently more principled:} Be8 18. d6 Rdc8 19. dxe7
(19. Ke2 $6 exd6 20. exd6 Bf8 21. Rxc8 (21. Bd2 b6 22. Rxc8 Rxc8 23. Bf4 Rd8
24. Rd1 Ba4 25. Rd2 Bxd6 26. Bxf5 $2 Re8+ 27. Be3 gxf5 28. Rxd6 f4 29. Rd4 Bb5+
{0-1 Szeberenyi,A-Borisek,J/Balatonlelle 2001/EXT 2002 (29)}) 21... Rxc8 22.
Rd1 Bxd6 (22... Ba4 $5 23. Bxf5 gxf5 24. d7 Rc2+ 25. Ke3 Bxd7 26. Rxd7 Rxa2 27.
Ne5 $44) 23. Bxf5 Bb5+ 24. Bd3 $11 {Kalinski,I-Dvojrys,S/USSR 1982}) (19. Kd2
$5) 19... h6 20. Bd2 Rxc1+ 21. Bxc1 Nc6 22. Bc4+ Bf7 23. e6 Be8 24. Ba3 Rc8 25.
Kd2 Nxe7 26. Rc1 Bf6 27. Bb3 Bc6 28. Bb4 Kf8 {1/2-1/2 Lennox,C-Blair,D/SCCA
2001 (28).}) 17... Rdc8 (17... fxe4 18. Bxe4 Bf5 19. f3 $1) 18. Ke2 e6 19. Be3
(19. exf5 gxf5 20. d6 {doesn't bring White any benefit in view of} Be5 21. Be7
Nc6 22. Nf3 Bf4 23. Rc4 Nxe7 24. Rxf4 Nd5 25. Rc4 Rc6 $1) 19... fxe4 20. Bxe4
Bb5+ 21. Kf3 exd5 22. Bxd5+ Kh8 {The position has simplified. White's pieces
are more active; however, his king is not quite safe.} 23. Nb3 {This leads to
a draw.} (23. Ne4 Nc4 $1 24. Bxb7 Rf8+ 25. Kg4 Rab8 26. Bd5 Nxe3+ 27. fxe3 Rbe8
$44 {[%csl Rg4]}) (23. Rhd1 $5) 23... Nc4 $1 24. Bd4 (24. Bxb7 $6 Rf8+ 25. Kg3
Nxe3 26. fxe3 Rae8 {[%csl Rg3]}) 24... Nd2+ 25. Kg3 Nxb3 26. Bxg7+ Kxg7 27.
axb3 Bc6 1/2-1/2

[Event "RUS-chT 09th Group1"]
[Site "Ekaterinburg"]
[Date "2002.05.18"]
[Round "2"]
[White "Tunik, Gennady"]
[Black "Smikovski, Ivan"]
[Result "1-0"]
[WhiteElo "2491"]
[BlackElo "2497"]
[Annotator "Krasenkow,M"]
[PlyCount "57"]
[EventDate "2002.05.17"]
[EventType "team-tourn"]
[EventRounds "7"]
[EventCountry "RUS"]
[SourceTitle "CBM 090"]
[Source "ChessBase"]
[SourceDate "2002.09.20"]
[SourceVersion "1"]
[SourceVersionDate "2002.09.20"]
[SourceQuality "1"]
[WhiteTeam "Saratov GShK"]
[BlackTeam "Omsk Lidrikh"]
[WhiteTeamCountry "RUS"]
[BlackTeamCountry "RUS"]

1. d4 Nf6 2. c4 g6 3. Nc3 d5 4. cxd5 Nxd5 5. e4 Nxc3 6. bxc3 Bg7 7. Ba3 Nd7 8.
Nf3 c5 9. Qb3 O-O 10. Be2 {This line was dealt with in CBM86, 87} a6 {an
attempt to improve on} (10... Qc7) (10... b6 {is another plan-see CBM86.}) (
10... Rb8 $5 {[%cal Yb7b5]}) 11. O-O (11. e5 b5 12. e6 {gives Black a good
position after} c4 13. Qb4 fxe6 14. Qxe7 Qxe7 15. Bxe7 Re8 16. Bd6 e5 $1) 11...
b5 12. Rad1 Qc7 13. Rfe1 (13. e5 e6) 13... Bb7 14. Bf1 Rac8 15. h3 e6 {I would
refrain from this move, after which White creates a passed pawn, with both his
rooks centralized.} (15... Rfe8 $5 {deserved attention. Then in case of ...e6
d5 exd5 exd5 e8 is an appropriate place for the rook.}) (15... e5 $5 {was
another interesting possibility.}) 16. d5 exd5 (16... Rfe8 $5) 17. exd5 c4 $6 {
Why open up the white bishop??!} (17... Rfe8 18. d6 Qc6 (18... Qb8 $143 19. Re7
$1) {was possible as} 19. Re7 $2 Rxe7 20. dxe7 Re8 {just loses the e7 pawn.}) (
{Besides, there was nothing wrong with} 17... Qd6 {as after} 18. Re6 $5 (18.
Ng5 Nf6) 18... Qb8 $1 {the white rook must retreat.}) 18. Qc2 Rfe8 19. Qd2 (19.
Be7 {was too early because of} Qa5) (19. d6 Qb6 20. Re7 $5 {deserved attention
here.}) 19... Qb6 (19... Ne5 20. Nxe5 Rxe5 21. d6 Qd7 22. Rxe5 Bxe5 23. Bb4 $14
{[%csl Gd6][%cal Ya2a4]}) 20. Be7 $1 {A typical manoeuvre shutting down the
black rook. The combination of this bishop with the d6 pawn is very strong in
many variations of the Gruenfeld defense. Jaan Ehlvest beat me with the help
of this manoeuvre in 1998.} Nf6 (20... Bf6 21. d6 {[%csl Gd6,Ge7]} Bxf3 22.
gxf3 $16) (20... Qa5 {can now be met with} 21. Rc1) ({Perhaps} 20... a5 {
, to create the queenside counterplay, was the most appropriate.}) 21. d6 {
[%csl Gd6,Ge7]} Nd7 22. Ng5 $5 {An interesting idea connected with a piece
sacrifice.} h6 $2 {Meeting White's expectations.} (22... Rc5 $1 {was the
correct defense, e.g.} 23. Qe3 Rd5 $1 24. Qg3 Rf5 $14) 23. Nxf7 Kxf7 24. Qf4+
Nf6 $2 {Loses at once but after} (24... Kg8 25. Qg4 {[%cal Rg4d7,Rg4g6]} Bc6 (
25... Nf8 26. d7 Nxd7 27. Rd6 $1 Qxd6 $8 28. Bxd6 $16 {is relatively better})
26. Qxg6 {[%cal Yd1d4,Yd4g4,Yd4h4,Ye1e3,Ye3g3] Black can hardly parry White's
attack. The white e7 bishop and d6 pawn prevent the co-ordination between
Black's queenside and kingside.}) 25. Bxf6 Bxf6 26. d7 Rxe1 27. dxc8=Q $1 Rxf1+
$6 (27... Bxc8 {was hopeless, too.}) 28. Kxf1 Bxc8 29. Rd6 1-0

[Event "POL-ch 59th"]
[Site "Warsaw"]
[Date "2002.05.04"]
[Round "6"]
[White "Cyborowski, Lukasz"]
[Black "Krasenkow, Michal"]
[Result "0-1"]
[WhiteElo "2510"]
[BlackElo "2641"]
[Annotator "Krasenkow,M"]
[PlyCount "77"]
[EventDate "2002.04.29"]
[EventType "tourn"]
[EventRounds "13"]
[EventCountry "POL"]
[EventCategory "10"]
[SourceTitle "CBM 089"]
[Source "ChessBase"]
[SourceDate "2002.08.12"]
[SourceVersion "1"]
[SourceVersionDate "2002.08.12"]
[SourceQuality "1"]

1. Nf3 g6 2. d4 Nf6 3. c4 Bg7 4. Nc3 d5 5. cxd5 Nxd5 6. e4 Nxc3 7. bxc3 c5 8.
Be3 Qa5 9. Qd2 Nc6 10. Rc1 cxd4 11. cxd4 Qxd2+ 12. Kxd2 O-O 13. d5 Rd8 14. Ke1
Na5 15. Bd2 {Quite a rare move, comparing to the common} (15. Bg5) 15... b6 16.
Bb4 (16. Rc7 e6 17. Bxa5 bxa5 18. Bc4 Rb8 19. Ke2 Rb2+ 20. Nd2 exd5 21. Bxd5
Be6 22. Rb1 Rxb1 23. Nxb1 Bxd5 24. exd5 Rxd5 {1/2-1/2 Sondermann,D-Schneider,W/
Dortmund 2001/EXT 2002 (24)}) (16. Bb5 $6 f5 17. Bxa5 bxa5 18. e5 Rb8 19. Bc4
Bh6 20. Rd1 Rb4 21. Bd3 Kf8 22. Bb1 Bb7 23. d6 exd6 24. exd6 Re8+ 25. Kf1 Ba6+
26. Kg1 Be2 $19 {0-1 Bazant,P-Yandemirov,V/Prague 1990/EXT 97 (39)}) 16... e6
$1 $146 {[%mdl 8] This important novelty, practicaly refuting the 15.Bd2 line,
had been waiting for its turn for 10 years! Practice had seen:} (16... Kf8 17.
Bb5 Bd7 18. Bxd7 Rxd7 19. Ke2 Nb7 $14 {1/2-1/2 Lagowski,P-Cyborowski,L/
Polanica Zdroj 2001/EXT 2002 (19)}) (16... Bb7 17. Bxe7 Re8 18. d6 Bf8 19. Bb5
Bxe7 20. Bxe8 Bxd6 21. Bb5 Bxe4 22. Ke2 a6 23. Bd3 Bd5 24. Rhd1 Bc5 25. Rd2 Bb4
26. Rdc2 Bc5 27. Rxc5 bxc5 28. Rxc5 $16 {1/2-1/2 Cyborowski,L-Shishkin,V/
Polanica Zdroj 2001/EXT 2002 (47)}) (16... Bf8 17. Ne5 (17. Bxa5 bxa5 18. Nd4
e6 19. Nc6 Bb4+ 20. Nxb4 axb4 21. Bc4 {1/2-1/2 Piskov,Y-Krasenkow,M/Germany
1993/GER-chT (21)}) (17. Bb5 e6 18. Bxf8 Kxf8 19. Rc7 exd5 20. e5 Be6 21. Ke2
Rdc8 22. Rhc1 Nc4 23. Rxc8+ Rxc8 24. Nd4 Rc5 25. f4 Na3 $1 $17 {0-1 Vaisser,
A-Bacrot,E/Marsailles 2001/CBM 85 (52)}) 17... e6 18. Bxa5 bxa5 19. Bc4 Bd6 (
19... Rd6 $5 20. Nc6 (20. Ke2 $5) 20... exd5 21. Bxd5 Bb7 22. Ke2 Re8 23. Kd3
Rc8 24. Nxa7 Rcd8 25. Rhd1 Bxd5 26. exd5 Rxd5+ 27. Ke2 Re5+ 28. Kf1 Rxd1+ 29.
Rxd1 Rc5 $15 {1/2-1/2 Zakharevich,I-Yandemirov,V/Smolensk 1992/EXT 97 (42)})
20. Nc6 Re8 21. Ke2 exd5 (21... a4 $6 22. Rhd1 e5 23. Bd3 f5 24. f3 fxe4 25.
Bxe4 a3 26. Rb1 Rf8 27. Rdc1 a5 28. Rb6 $16 {1/2-1/2 Boguslawsky,M-Krasenkow,M/
Voskresensk 1992/CBM 31 (32)}) 22. Bxd5 Be6 23. Kd3 a4 24. Rc4 a3 25. Rb1 h5
26. h3 Kg7 27. Bxe6 Rxe6 28. Rb7 $14 {1/2-1/2 Levin,F-Janjgava,L/Riga 1988/EXT
99 (67)}) 17. Be7 (17. d6 $5 Bb7 (17... e5 $5) 18. Rc7 Rdc8 $13) 17... Rd7 18.
d6 {This looks formidable but after} a6 {it turns out that White can't hold
his outposts in the centre. 19...Bb7 followed by 20...Nc6 is threatened. Don't
forget that White can't castle anymore! Now my opponent thought more than an
hour and got into a severe time-trouble, having only 30 seconds of increment
per move at a later stage of the game.} 19. Bd3 Bb7 20. Rc7 Rxc7 21. dxc7 Bf8
22. Bf6 $6 {Losing a pawn without sufficient compensation.} (22. Bxf8 Kxf8 23.
Kd2 Rc8 24. Rc1 Ke7 25. Ke3 {should have been tried as Black couldn't capture
the c7 pawn "free of charge".}) 22... Bd6 23. h4 Rc8 $6 {In his opponent's
time-trouble Black starts playing inaccurately. White now opens up the h-file
obtaining strong counterplay against the black king.} (23... Bxc7 24. h5 Bd8
25. Ba1 g5 $1 $17 {was correct, avoiding opening the h-file (indicated by
Cyborowski after the game).}) 24. h5 Rxc7 25. Ke2 Be7 26. Be5 Rd7 $6 {The rook
has nothing to do here.} (26... Rc8 $142) 27. hxg6 fxg6 28. Ba1 (28. Bc3 {
prompted Black to correct his mistake:} Rc7 29. Be5 Rc8 $1) 28... b5 29. Ne5
Rd6 30. f4 Nc6 31. Ng4 h5 {Despite his extra pawn, Black is in a kind of
zugzwang:} (31... Rd7 $2 32. Nf6+ Bxf6 33. Bxf6) (31... Bd8 32. Nh6+ Kf8 33.
Nf7 $1 {etc. Fortunately, I found a line, in which Black gave back the pawn
but put out White's initiative.}) 32. Nh6+ Kf8 33. g4 h4 34. g5 e5 $1 35. Rxh4
exf4 $2 {This lets the black advantage slip.} (35... Nd4+ $1 36. Ke3 (36. Bxd4
Rxd4 37. Ng4 exf4 38. Ne5 Bxg5 39. Rg4 Bh6 $17) 36... Nf3 37. Rh1 exf4+ 38.
Kxf3 Rxd3+ 39. Kxf4 Rd2 40. Ng4 Re2 41. Nf6 Kf7 $17 {[%cal Yf7e6]}) 36. Rxf4+
Ke8 37. Rf7 (37. Ng8 Bxg5 38. Rg4 {or}) (37. Nf7 Re6 38. Bb1 {would be good
enough for a draw, too, if not White's time problems!}) 37... Nd4+ 38. Bxd4
Rxd4 39. Ng8 $4 {Blundering a rook and resigning.} ({After} 39. e5 Bd5 (39...
Be4 40. Ke3 Rxd3+ 41. Kxe4) 40. Rg7 {White's counterplay should be sufficient
to rescue the game.}) 0-1

[Event "American Continental 2nd"]
[Site "Buenos Aires"]
[Date "2003.08.28"]
[Round "10"]
[White "Monier, Raul"]
[Black "Garcia, Gildardo"]
[Result "1-0"]
[WhiteElo "2405"]
[BlackElo "2473"]
[Annotator "Krasenkow,M"]
[PlyCount "89"]
[EventDate "2003.08.17"]
[EventType "swiss"]
[EventRounds "11"]
[EventCountry "ARG"]
[SourceTitle "CBM 097"]
[Source "ChessBase"]
[SourceDate "2003.11.11"]
[SourceVersion "1"]
[SourceVersionDate "2003.11.11"]
[SourceQuality "1"]

1. d4 Nf6 2. c4 g6 3. Nc3 d5 4. Nf3 Bg7 5. cxd5 Nxd5 6. e4 Nxc3 7. bxc3 c5 8.
Be3 O-O 9. Rc1 Qa5 10. Qd2 Nd7 {About this move - see CBM85, annotations to
Mikanovic-Turov.} 11. Bd3 ({Some fresh examples for} 11. d5 {:} Nf6 (11... b5
12. Bh6 Bb7 13. Bxg7 Kxg7 14. Bd3 c4 15. Bb1 Rad8 16. h4 e5 17. h5 Rh8 18. h6+
Kg8 19. a4 $1 $16 {1-0 Sander,I-Evans,G/IECG 2001/Complete 2001 (33)}) 12. c4
Qxd2+ 13. Nxd2 b6 14. Be2 Bb7 $5 15. e5 Ne8 16. f4 e6 $5 17. dxe6 f6 $5 18. O-O
Nc7 19. g4 f5 20. gxf5 Rxf5 21. Bg4 Rff8 22. Nf3 Rae8 23. Ng5 Bc8 24. Rcd1 Nxe6
$11 {0-1 Maly,A-Shishkin,V/Kiev 2002/EXT 2003 (54)}) 11... Nf6 (11... e5 12.
dxe5 (12. d5 $142 {-CBM85}) 12... Nxe5 13. Nxe5 Bxe5 14. f4 Bg7 15. O-O Rd8 16.
Qc2 Bd7 17. Bc4 Bb5 18. Bxb5 Qxb5 19. c4 Qc6 20. e5 Rd7 21. Rcd1 Rad8 22. Rxd7
Rxd7 23. Rd1 {1/2-1/2 Vasiljevic,D-Fish,G/Bad Zwischenahn 2002/EXT 2003 (23)})
12. O-O Bg4 13. Ne5 Rad8 14. Nc4 Qa4 15. f3 Bc8 16. Qc2 Qxc2 17. Bxc2 {This
endgame is not dangerous for Black if he plays carefully.} b6 18. Rfd1 Ba6 19.
Bd3 cxd4 $6 {Too early.} (19... Ne8 $5 {[%cal Yf7f5,Ye8d6]}) 20. cxd4 Rc8 21.
Ne5 $1 Bxd3 22. Nxd3 e6 23. Ne5 $1 $16 Rfe8 24. Nc6 Rc7 25. Bf4 Rd7 26. Ne5 Rb7
{White has captured the c-file and now tries to create another weakness at
Black's kingside.} 27. g4 $1 h5 28. g5 Nh7 (28... Nd7 29. Nc4 $1) 29. h4 Nf8
30. Nc4 Rd7 31. Nd6 Red8 32. e5 {[%csl Gd6,Rf8,Rg7]} Nh7 33. Rc6 Bf8 34. Rdc1
Be7 35. Kf2 f6 36. gxf6 Nxf6 37. Nc8 Nd5 $2 (37... Nh7 {looks ugly but it was
better than giving up material at once:} 38. Nxe7+ Rxe7 39. Rd6 $16) 38. Nxe7+
Nxe7 (38... Rxe7 39. Bg5) 39. Rxe6 $18 {The rest is clear especially as the
black knight is tied to the defense of the g6 pawn and can't be activated.} Kf7
40. Rf6+ Kg7 41. Bg5 $1 Rxd4 (41... Nd5 42. Rcc6 $1) 42. Rc7 R8d7 43. Rxd7 Rxd7
44. e6 Rd2+ 45. Ke1 {[%cal Rf6f7]} 1-0

[Event "Vidmar Memorial 15th"]
[Site "Terme Zrece"]
[Date "2003.08.18"]
[Round "1"]
[White "Beliavsky, Alexander G"]
[Black "Borisek, Jure"]
[Result "1-0"]
[WhiteElo "2668"]
[BlackElo "2443"]
[Annotator "Krasenkow,M"]
[PlyCount "88"]
[EventDate "2003.08.17"]
[EventType "tourn"]
[EventRounds "9"]
[EventCountry "SLO"]
[EventCategory "12"]
[SourceTitle "CBM 097"]
[Source "ChessBase"]
[SourceDate "2003.11.11"]
[SourceVersion "1"]
[SourceVersionDate "2003.11.11"]
[SourceQuality "1"]

1. d4 Nf6 2. c4 g6 3. Nc3 d5 4. cxd5 Nxd5 5. e4 Nxc3 6. bxc3 Bg7 7. Bb5+ c6 8.
Ba4 a5 9. Nf3 {Quite a rare move in this position!} (9. Ne2 {is played more
often.}) 9... b5 (9... O-O 10. O-O Nd7 11. Bc2 b5 12. Bd3 $6 (12. Bg5 $5) 12...
Nb6 13. h3 Be6 14. Re1 Qc7 15. Bg5 Bc4 $11 16. Bc2 $6 c5 $1 $36 {0-1 Lev,
R-Tseitlin,M/Israel 1996/CBM 52 ext (54)}) 10. Bb3 a4 11. Bc2 Nd7 (11... c5 {
brought Black a good position in the following game but definite conclusions
are still premature:} 12. O-O (12. Rb1 $5) 12... cxd4 13. cxd4 Nc6 14. e5 (14.
Be3 Bg4) 14... Be6 15. Be3 O-O 16. Ng5 Bc4 17. Qg4 Nb4 $5 18. Be4 f5 (18...
Bxf1 $5) 19. exf6 exf6 20. Bxa8 $2 (20. Ne6 $1) 20... Qxa8 21. Nf3 Bxf1 22.
Rxf1 Qd5 $17 {0-1 Smirnov,V-Neverov,V/Minsk 1996/EXT 2000 (28)}) {Black
prefers Tseitlin's plan.} 12. O-O O-O 13. Bg5 Nb6 14. Qc1 Be6 15. Bh6 {White
understandably wants to swap the dark-squared (and not light-squared!) bishops.
} f6 16. h4 Qd7 17. Re1 Rad8 18. Bf4 {Still keeping the bishops on the board
as after ...f7-f6 the black bishop is more passive. Still, I don't like this
decision as the bishop exchange would have weakened the position of the black
king.} Bg4 19. Nh2 Be6 (19... e5 $1 {was more logical, apparently solving all
problems.}) 20. Qe3 f5 (20... Bf7 $5 {[%cal Ye7e5]}) 21. Bh6 {After Black has
weakened the dark squares, White comes back to the concept of bishop swap.}
fxe4 (21... Nc4 22. Qg5) 22. Bxg7 Kxg7 23. Qxe4 Rf6 24. g4 $6 {White weakens
his own position.} (24. Nf3 {was more natural.}) 24... Bf7 (24... Qd6 25. Qe5 (
25. g5 $2 Rxf2 $1) 25... Kf7 {was more simple.}) 25. Qe5 Qd6 26. Be4 Bd5 27.
Bd3 Qxe5 28. Rxe5 Kf7 $15 {The endgame is slighly better for Black as White
has more weaknesses in his camp. However, the young player consequently loses
it.} 29. Rae1 $6 e6 $2 ({There was nothing wrong with} 29... Bxa2 30. Rxe7+ Kg8
{and the strong passed pawn guarantees Black an advantage, e.g.} 31. g5 Rf4 $1
{[%csl Rh2]} 32. h5 Nd5 33. Ra7 Nxc3 34. hxg6 hxg6 35. Bxg6 b4 {and the black
pawns move forward while White's chances to mate are slim.}) 30. a3 Rf4 31. f3
Ke7 $6 {Black is so frightened playing against a famous GM that he can't bring
himself to play actively:} (31... c5 $1 32. Bxb5 (32. dxc5 Nc4) 32... cxd4 33.
cxd4 Rxd4 {with an excellent position.}) 32. Kg2 Rdf8 33. R5e3 Kd6 34. Kg3 R4f7
35. g5 Rf4 36. Be2 c5 {At last, after losing a lot of time! White's
counterplay now comes first.} 37. Bxb5 cxd4 38. cxd4 Rxd4 39. Ng4 {[%csl Rh7]
[%cal Yg4f6]} Kc5 40. Be2 Rd2 $2 {Black should have prepared to sac the
exchange on f6. Here is the most appropriate version:} (40... Nd7 41. Rc3+ Kd6
42. Bb5 $1 Rdf4 43. Rf1 Nc5 44. Nf6 R8xf6 45. gxf6 Rxf6 46. Rfc1 Nb3 {and it
is not easy for White to break through.}) 41. Nf6 Kd4 {White now starts a hunt
on this "active" king.} 42. Bf1 Rc8 43. Ne4 $1 {Exactly!} Rd1 (43... Bxe4 {
is hopeless, of course, but now the black king, "centralized according to the
endgame rules", gets mated.}) 44. Rxd1+ Kxe3 (44... Kxe3 45. Rd3#) 1-0

[Event "Olympiad-36"]
[Site "Mallorca"]
[Date "2004.10.16"]
[Round "2"]
[White "Aleksandrov, Aleksej"]
[Black "Van Wely, Loek"]
[Result "1/2-1/2"]
[WhiteElo "2659"]
[BlackElo "2681"]
[Annotator "Krasenkow,M"]
[PlyCount "139"]
[EventDate "2004.10.15"]
[EventType "team-swiss"]
[EventRounds "14"]
[EventCountry "ESP"]
[SourceTitle "CBM 104"]
[Source "ChessBase"]
[SourceDate "2005.01.27"]
[SourceVersion "1"]
[SourceVersionDate "2005.01.27"]
[SourceQuality "1"]
[WhiteTeam "Belarus"]
[BlackTeam "Netherlands"]
[WhiteTeamCountry "BLR"]
[BlackTeamCountry "NED"]

1. d4 Nf6 2. c4 g6 3. Nc3 d5 4. cxd5 Nxd5 5. Bd2 Bg7 6. e4 Nb6 7. Be3 O-O 8.
Bb5 {About this move - see CBM99, annotations to Drazic-Lupulescu.} a6 9. Be2
Nc6 10. d5 Ne5 11. Bd4 c5 {[%mdl 520] Still! This move, which I regarded as
"hardly possible" in the above-mentioned annotations, proves playable!} (11...
f6 $6 12. f4 Nf7 13. Nf3 e5 14. dxe6 Bxe6 15. Bc5 Re8 16. Nd4 Bc8 17. O-O Nd7
18. Ba3 c5 19. Bc4 Qb6 20. Nf5 gxf5 21. Qh5 Rf8 22. Rf3 $40 {1-0 Marchand,
F-Drazic,S/Bratto 2002/EXT 2003 (76)}) (11... f5 $5 12. f4 Nf7 13. Bxg7 Kxg7
14. Qd4+ Kg8 15. h4 (15. e5 c6 $11) 15... fxe4 16. h5 Qd6 17. hxg6 hxg6 18.
Qxe4 Bf5 19. Qf3 Qb4 $132 {1/2-1/2 Banhazi,I-Ignacz,M/Budapest 2002/CBM 86 ext
(46)}) 12. Bxc5 Nec4 13. Qb3 Qc7 14. Bxb6 (14. Qb4 $5 a5 15. Bxb6 Nxb6 16. Qa3
f5 $5 $132) 14... Nxb6 {Just this simple! Black hopes to get sufficient
compensation for his missing pawn due to his bishop pair and control of the
dark squares.} 15. Nf3 Nd7 16. O-O Nc5 17. Qa3 Bg4 18. Rfd1 (18. Rac1 $5 Bxf3
19. Bxf3 Qd6 20. Rc2) 18... Bxf3 19. Bxf3 Qd6 20. Rac1 h5 21. g3 Rfc8 22. Bg2 (
22. h4 $5) 22... g5 23. Ne2 g4 24. Rc2 Nd7 25. Qxd6 exd6 26. Rdc1 Re8 {[%csl
Re4,Ge5]} 27. b4 {Probably missing Black's reply.} (27. f4 $5 gxf3 28. Bxf3 Nc5
$5 29. b4 Nd3 (29... Nxe4 30. Bxh5) 30. Rb1 Rac8 31. Rxc8 Rxc8 32. Bxh5 Rc2 $44
) 27... Nf6 28. f3 (28. Nc3 $6 Bh6 29. Rd1 Rac8 {leads to an unpleasant pin.})
28... b5 {Starting a plan of the queenside counterplay.} (28... gxf3 $143 29.
Bxf3 Nxe4 30. Bxh5) 29. h4 (29. Nc3 gxf3 30. Bxf3 Bh6 31. Rd1 Rac8) 29... Bh6
30. Rf1 a5 $1 31. bxa5 Rxa5 32. Kh1 Be3 33. fxg4 Nxg4 34. Nf4 $6 {This piece
exchange is unfavorable for White and causes him a lot of trouble.} (34. Bf3
Rea8 35. Bxg4 hxg4 36. Rb1 Rxa2 37. Rxa2 Rxa2 38. Nc3 Rd2 39. Nxb5 Bc5 $44)
34... Bxf4 35. Rxf4 {[%csl Rg2,Gg4]} Rea8 36. e5 $5 {A correct way to break
loose.} ({After} 36. Bf3 Ne5 (36... Rxa2 $143 37. Rxa2 Rxa2 38. Bxg4 hxg4 39.
Rxg4+ Kf8 (39... Kh7 40. Rf4 Kg7 41. Rf3 Rb2 $11) 40. h5 b4 41. h6 Ra1+ 42. Kg2
Ra2+ 43. Kf3 Rh2 $11) 37. Bxh5 Rxa2 38. Rxa2 Rxa2 {[%csl Gb5] Black's passed
pawn and powerful knight bring him the better prospects, despite White's extra
pawn, e.g.} 39. Rf6 Ra6 40. Be2 Rb6 41. Rf1 b4 42. Rb1 b3 43. Rb2 Nd7 44. Kg2
Nc5 {etc.}) 36... dxe5 37. Rb4 Rxa2 38. Rxa2 Rxa2 39. Bf3 Nf6 40. d6 Ra5 (40...
Rd2 41. Rxb5 e4 42. Bxh5 e3 (42... Nxh5 43. Rxh5 e3 44. Re5) (42... Rxd6 43.
Kg2 Rd2+ 44. Kf1 e3 45. Ke1 $11) 43. Bf3 Rf2 44. Bg2 Rd2 45. Bf3 $11) 41. Be2
Ra1+ 42. Kg2 Ra2 43. Kf1 Rd2 44. Rxb5 Ne4 45. Rxe5 Nxd6 $6 {Of course, Black
doesn't lose after this but why give up a pawn?} (45... Nxg3+ 46. Ke1 Rxd6 47.
Bxh5 $11) 46. Ke1 Ra2 47. Bxh5 Kg7 48. Bf3 Kf6 49. Rg5 Nf5 50. Be4 Nd4 51. Kf1
Rb2 52. Rd5 Ne6 53. Rf5+ Kg7 54. Bd5 Rb6 55. Kg2 Kg6 56. g4 Ra6 57. Rf3 Rd6 58.
Bb3 Rb6 59. Kg3 Kg7 60. Ba2 Ra6 61. Bd5 Rd6 62. Rf5 Ra6 63. g5 Ra3+ 64. Kg2 Ra4
65. Kg3 Ra3+ 66. Kf2 Ra4 67. h5 Rf4+ 68. Rxf4 Nxf4 69. h6+ Kg8 70. Bxf7+
1/2-1/2